000 00276nam a2200121Ia 4500
008 191201s2007 xx 000 0 und d
100 _aLIPPMAN, Stanley
245 0 _aC++ Primer
260 _aN. delhi
_bPearson
_c2007
300 _a885
650 _aB.Tech(CSE)
942 _2ddc
_cBK
999 _c299
_d299